Normal view MARC view

Entry Corporate Name

Number of records used in: 1

001 - CONTROL NUMBER

  • control field: 1237503

003 - CONTROL NUMBER IDENTIFIER

  • control field:

005 - DATE AND TIME OF LATEST TRANSACTION

  • control field: 20210629110527.0

008 - FIXED-LENGTH DATA ELEMENTS

  • fixed length control field: 210629|| aca||aabn | a|a d

040 ## - CATALOGING SOURCE

  • Original cataloging agency:
  • Transcribing agency:

110 ## - HEADING--CORPORATE NAME

  • Corporate name or jurisdiction name as entry element: United Nations Industrial Development Organization.
  • Subordinate unit: Expert Group (Meeting)
  • Date of meeting or treaty signing: (1973:
  • Location of meeting: Vienna, Austria)

670 ## - SOURCE DATA FOUND

  • Source citation: Work cat.: ()1312787: United Nations Industrial Development Organization. Expert Group (Meeting) (1973: Vienna, Austria), The Construction industry in developing countries:, 1974.
                                                                           
web counter

Copyright ©2020 The National Library of India, Govt. of India ↔ Hosted by NVLI, MOC ↔ Technology and Design by National Library of India, Ministry of Culture, Govt. of India